Коммерческое (предпринимательское) право (Запись № 914414)
[ простой вид ]
| 000 -МАРКЕР | |
|---|---|
| контрольное поле | 02195nam1a2200361 i 4500 |
| 001 - ИДЕНТИФИКАТОР ЗАПИСИ | |
| контрольное поле | RU\NLR\bibl\1357752 |
| 005 - ИДЕНТИФИКАТОР ВЕРСИИ | |
| контрольное поле | 20260407083652.0 |
| 035 ## - ДРУГИЕ СИСТЕМНЫЕ НОМЕРА | |
| Идентификатор записи | (NLR Aleph) 001349943 |
| 100 ## - ДАННЫЕ ОБЩЕЙ ОБРАБОТКИ | |
| Данные общей обработки | 20090417g20099999u y0rusy50 ca |
| 101 0# - ЯЗЫК РЕСУРСА | |
| Язык текста, звукозаписи и т.д. | русский |
| 102 ## - СТРАНА ПУБЛИКАЦИИ ИЛИ ПРОИЗВОДСТВА | |
| Страна публикации | Российская Федерация |
| 105 ## - ПОЛЕ КОДИРОВАННЫХ ДАННЫХ: ТЕКСТОВЫЕ МАТЕРИАЛЫ, МОНОГРАФИЧЕСКИЕ | |
| Кодированные данные о монографическом текстовом документе | ||||j ||||| |
| 200 1# - ЗАГЛАВИЕ И СВЕДЕНИЯ ОБ ОТВЕТСТВЕННОСТИ | |
| Основное заглавие | Коммерческое (предпринимательское) право |
| Сведения, относящиеся к заглавию | учебник для студентов высших учебных заведений, обучающихся по специальности "Юриспруденция" |
| -- | [в 2 т.] |
| Первые сведения об ответственности | [Бушев А.Ю., Городов О.А., Лебедев К.К. и др.] |
| Последующие сведения об ответственности | под ред. засл. деятеля науки Рос. Федерации, д.ю.н., проф. В.Ф. Попондопуло |
| -- | С.-Петерб. гос. ун-т, Юрид. фак., С.-Петерб. фил. ИГП РАН |
| 205 ## - СВЕДЕНИЯ ОБ ИЗДАНИИ | |
| Сведения об издании | 4-е изд., перераб. и доп. |
| 210 ## - ПУБЛИКАЦИЯ, РАСПРОСТРАНЕНИЕ И ДР. | |
| Место издания, распространения и т.д. | Москва |
| Имя издателя, распространителя и т. д. | Проспект |
| Дата издания, распространения и т.д. | 2009 |
| 215 ## - ФИЗИЧЕСКАЯ ХАРАКТЕРИСТИКА | |
| Размеры | 22 |
| 300 ## - ОБЩИЕ ПРИМЕЧАНИЯ | |
| Текст примечания | Авт. указаны на обороте тит. л. |
| 463 #0 - УРОВЕНЬ ФИЗИЧЕСКОЙ ЕДИНИЦЫ | |
| Встроенное поле | 0011281819 |
| 463 #0 - УРОВЕНЬ ФИЗИЧЕСКОЙ ЕДИНИЦЫ | |
| Встроенное поле | 0011302606 |
| 606 1# - НАИМЕНОВАНИЕ ТЕМЫ КАК ПРЕДМЕТ | |
| Наименование темы | Коммерческое право |
| Формальный подзаголовок | Учебники для высших учебных заведений |
| Географический подзаголовок | Российская Федерация |
| Системный номер авторитетной/нормативной записи | 2135556 |
| Идентификатор авторитетной/нормативной записи | RU\NLR\auth\661287786 |
| 686 ## - ИНДЕКСЫ ДРУГИХ КЛАССИФИКАЦИЙ | |
| Индекс | Х623.012.09я73 |
| 701 #1 - ИМЯ ЛИЦА - АЛЬТЕРНАТИВНАЯ ОТВЕТСТВЕННОСТЬ | |
| Начальный элемент ввода | Бушев |
| Часть имени, кроме начального элемента ввода | А. Ю. |
| Расширение инициалов личного имени | Андрей Юрьевич |
| Код отношения | Автор |
| 701 #1 - ИМЯ ЛИЦА - АЛЬТЕРНАТИВНАЯ ОТВЕТСТВЕННОСТЬ | |
| Код отношения | Автор |
| Начальный элемент ввода | Городов |
| Часть имени, кроме начального элемента ввода | О. А. |
| Даты | 1951- |
| Расширение инициалов личного имени | Олег Александрович |
| Системный номер авторитетной/нормативной записи | 141404 |
| Идентификатор авторитетной/нормативной записи | RU\NLR\AUTH\770141440 |
| 701 #1 - ИМЯ ЛИЦА - АЛЬТЕРНАТИВНАЯ ОТВЕТСТВЕННОСТЬ | |
| Код отношения | Автор |
| Графика поля | Кириллица |
| Материалы, к которым относится поле | rus |
| Начальный элемент ввода | Лебедев |
| Часть имени, кроме начального элемента ввода | К. К. |
| Дополнения к именам, кроме дат | канд. юрид. наук |
| Даты | 1941- |
| Расширение инициалов личного имени | Константин Константинович |
| Системный номер авторитетной/нормативной записи | 41466 |
| Идентификатор авторитетной/нормативной записи | RU\NLR\auth\7758534 |
| 702 #1 - ИМЯ ЛИЦА - ВТОРИЧНАЯ ОТВЕТСТВЕННОСТЬ | |
| Код отношения | Редактор |
| Графика поля | Кириллица |
| Материалы, к которым относится поле | rus |
| Начальный элемент ввода | Попондопуло |
| Часть имени, кроме начального элемента ввода | В. Ф. |
| Расширение инициалов личного имени | Владимир Федорович |
| Системный номер авторитетной/нормативной записи | 2132 |
| Идентификатор авторитетной/нормативной записи | RU\NLR\auth\7719058 |
| 712 02 - НАИМЕНОВАНИЕ ОРГАНИЗАЦИИ - ВТОРИЧНАЯ ОТВЕТСТВЕННОСТЬ | |
| Код отношения | Прочие |
| Начальный элемент ввода | Санкт-Петербургский государственный университет |
| Структурное подразделение | Юридический факультет |
| Системный номер авторитетной/нормативной записи | 588608 |
| Идентификатор авторитетной/нормативной записи | RU\NLR\AUTH\8810044594 |
| 801 #0 - ИСТОЧНИК ЗАПИСИ | |
| Страна | Российская Федерация |
| Организация | NLR |
| Дата составления | 20090417 |
| Правила каталогизации | RCR |
| 801 #1 - ИСТОЧНИК ЗАПИСИ | |
| Страна | Российская Федерация |
| Организация | NLR |
| Дата составления | 20090417 |
| 852 ## - МЕСТОНАХОЖДЕНИЕ И ШИФР ХРАНЕНИЯ | |
| Идентификатор организации | NLR |
| Шифр хранения (Call Number) | 2008-5/8572 |
| 942 ## - ДОПОЛНИТЕЛЬНЫЕ ЭЛЕМЕНТЫ ЗАПИСИ (АБИС) | |
| Тип экземпляра АБИС | Книга |
Нет доступных экземпляров.